| 000 | 00940nac a22003017a 4500 | ||
|---|---|---|---|
| 001 | BR0103968 | ||
| 003 | BR-BrBNA | ||
| 005 | 20240105122618.0 | ||
| 008 | 230509b bl.|||m| |||| 00| 0 por d | ||
| 040 |
_aBR-BrBNA _bpor _cBiblioteca Nacional de Agricultura |
||
| 072 | _aK10 | ||
| 090 | _a3205 BR0103968 | ||
| 100 | 1 | _aDossa, D. | |
| 100 | 1 | _aConto, A.J. de | |
| 100 | 1 | _aRodigheri, H. | |
| 100 | 1 | _aHoeflich, V.A. | |
| 110 | 1 | _aEMBRAPA Florestas, Colombo, PR (Brasil) | |
| 245 | 1 | _aAplicativo com analise de rentabilidade para sistemas de producao de florestas cultivadas e de graos | |
| 260 | 3 |
_aColombo, PR (Brasil): _c2000. |
|
| 300 | _a56 p. | ||
| 490 |
_aDocumentos - EMBRAPA Florestas (Brazil) _vno. 39 _xISSN 1517-536X |
||
| 500 | _a14 tables; 22 ref.; | ||
| 650 | _aProducao Florestal | ||
| 650 | _aGrao | ||
| 650 | _aRentabilidade | ||
| 909 |
_a202312 _bLúcia Elande _c55 _dLúcia Elande |
||
| 942 |
_2AGRIS _n0 _cMS |
||
| 999 |
_c291921 _d291921 |
||